Vorarlberg, Austria Map Quiz - Statistiken

Allgemein
  • Dieses Quiz wurde 190 mal gespielt
  • Das Durchschnittsergebnis liegt bei 17 aus 96
Antworten auf der Karte
Die Antworten werden auf der Karte rot bzw. grün angezeigt, abhängig davon wie oft sie richtig erraten wurden.
 
Antwortstatistiken
Antwort % Korrekt
Bregenz
62%
Lustenau
58%
Dornbirn
43%
Gaißau
37%
Hard
35%
St. Gallenkirch
35%
Frastanz
33%
Hohenems
32%
Hörbranz
30%
Feldkirch
28%
Lech
28%
Lochau
28%
Rankweil
28%
Wolfurt
28%
Egg
27%
Höchst
27%
Mittelberg
27%
Bludenz
25%
Hohenweiler
25%
Mäder
25%
Sibratsgfäll
25%
Fußach
23%
Gaschurn
23%
Lauterach
23%
Riefensberg
23%
Schwarzach
23%
Alberschwende
22%
Götzis
22%
Meiningen
22%
Sulzberg
22%
Brand
20%
Altach
18%
Buch
18%
Kennelbach
18%
Klösterle
18%
Koblach
18%
Nenzing
18%
Röthis
18%
Warth
18%
Andelsbuch
17%
Göfis
17%
Hittisau
17%
Langen
17%
Reuthe
17%
Tschagguns
17%
Bildstein
15%
Fontanella
15%
Klaus
15%
Möggers
15%
Nüziders
15%
Schröcken
15%
Silbertal
15%
Sonntag
15%
Bürs
13%
Dalaas
13%
Damüls
13%
Doren
13%
Innerbraz
13%
Lingenau
13%
Satteins
13%
Schruns
13%
Sulz
13%
Vandans
13%
Bezau
12%
Bizau
12%
Laterns
12%
Lorüns
12%
Mellau
12%
Schoppernau
12%
Stallehr
12%
St. Gerold
12%
Bartholomäberg
10%
Bürserberg
10%
Eichenberg
10%
Fraxern
10%
Krumbach
10%
Raggal
10%
Röns
10%
Schwarzenberg
10%
Weiler
10%
Zwischenwasser
10%
Au
8%
Langenegg
8%
Ludesch
8%
Schlins
8%
St. Anton
8%
Thüringen
8%
Bludesch
7%
Dünserberg
7%
Schnepfau
7%
Schnifis
7%
Thüringerberg
7%
Übersaxen
7%
Viktorsberg
7%
Blons
5%
Düns
5%
Keine übereinstimmenden Quizze gefunden
Verteilung der Resultate
Anzahl Personen mit jedem Resultat
Perzentil nach korrekt beantworteten Fragen
Ihre Resultats-Entwicklung
Sie haben dieses Quiz noch nicht gespielt